5: Storia della filosofia moderna, da Cartesio a Kant /

Guardat en:
Dades bibliogràfiques
Autor principal: De Crescenzo, Luciano (Autor)
Format: Llibre
Idioma:italià
Publicat: Milano : Mondadori, stampa 2005
Matèries:
Etiquetes: Afegir etiqueta
Sense etiquetes, Sigues el primer a etiquetar aquest registre!

MARC

LEADER 00000nam a22000007ib4500
001 IT\ICCU\CAG\1110185
003 ItRI
005 20240712121353.0
008 060327s2005 it |||||| ||||| |||||c
040 |b ita  |c CDM 
041 7 |a ita  |2 ISO-639-2 
082 |a 190  |2 22 
100 1 |a De Crescenzo, Luciano  |0 IT\ICCU\CFIV\015843  |4 aut 
245 1 3 |a 5: Storia della filosofia moderna,  |p da Cartesio a Kant /  |c Luciano De Crescenzo. 
260 |a Milano :  |b Mondadori,  |c stampa 2005 
300 |a 175 p. :  |b ill. ;  |c 23 cm 
500 |a Ed. speciale per Chi, Donna moderna, Grazia ecc. 
650 7 |a Filosofia occidentale moderna 
773 0 |w IT\ICCU\CAG\1110143  |t La storia della filosofia di Luciano De Crescenzo  |g 5  |a De Crescenzo, Luciano  |0 IT\ICCU\CFIV\015843 
942 |2 ddc  |c BK 
952 |0 0  |1 0  |2 ddc  |4 0  |6 190_000000000000000_CRE_STO  |7 1  |9 1626  |a RA  |b RA  |d 2024-07-12  |l 0  |o 190 CRE STO  |p 9351  |r 2024-07-12 12:16:01  |w 2024-07-12  |y BK 
981 1 |6 z01  |a i   |b xxxe  
982 1 |6 z01  |a n 
999 |c 1443  |d 1443